02175nam a2200217 a 450000100100000000500170001000800410002704000250006808200160009324500810010926000370019030000210022750510620024804900090131095201290131995201290144895201290157795201200170695201140182699900170194000001589620200929164207.0100222s19uu dr 001 0 spa d aDO-SdBNPbspacBNPHU axxxxbR245i00aRecopilación de instrumentos internacionales relativos a los refugiados /. aSanto Domingo :bACNUR,c[199?]. a159 p. ;c28 cm.2 aSelección de instrumentos legales ratificados por la República Dominicana relativos a los refugiados -- Declaración universal de derechos humanos de 10 de diciembre de 1948 -- Estatuto de la Oficiana de Alto Comisionado de las Naciones Unidas para los refugiados del14 de julio de 1950 Convención sobre el estatuto de los refugiados del 28 de diciembre de 1950 - Protocolo sobre el estatuto de los refugiados del 31 de enero de 1967 -- Decreto CONARE (No. 11569 del 10/11/83) -- Reglamento Conare (No. 2330 del 10/84) -- Procedimientos y criterios para determinar la condición de refugiado -- Convención americana de derechos humanos del 22 de noviembre de 1969: Pacto de San José -- Convención de la Organización de la Unidad Africana por la que se regulan los aspectos específicos de los problemas de los refugiados en Africa del 10 de septiembre de 1969 -- Declaración de Cartagena sobre los refugiados del 22 de noviembre de 1984 -- Declaración de San José sobre los refugiados y personas desplazas del 07 de diciembre de 1994. aBNPD 001054708DSaGRbGRcCTd2010-02-22iLF1l0oxxxx R245ip15896-30r2020-06-25te. 5w2020-06-25yLFDSZPréstamo en sala 001054708DSaGRbGRcCTd2010-02-22iLF1l0oxxxx R245ip15896-40r2020-06-25te. 4w2020-06-25yLFDSZPréstamo en sala 001054708DSaGRbGRcCTd2010-02-22iLF1l0oxxxx R245ip15896-50r2020-06-25te. 3w2020-06-25yLFDSZPréstamo en sala 0010718PDaPDbPDcCTd2010-02-22iLF1l0oxxxx R245ip15896-10r2020-06-25te. 2w2020-06-25yLFPDZNo se presta 0010718PDaPDbPDcCTd2010-02-22iLF1l0oxxxx R245ip15896-20r2020-06-25w2020-06-25yLFPDZNo se presta c15438d15438